000 00750cam a2200301 i 4500
001 768714001
003 CO-MdFUSB
005 20241203144055.0
007 ta
008 241203t1988 -us||||| |||| 00| 0 spa d
020 _a0-945792-04-
_q2
040 _cCO-MdFUSB
_dCO-MdFUSB
041 0 _aspa
082 0 4 _223
_a235.4
_bC114d
100 1 _aCabezas, Rita
_eautor
245 1 0 _aDesenmascarado
_c/ Rita Cabezas
260 _aUnilit
264 1 _bUnilit,
_aMiami, FL., USA :
_c[1988]
264 4 _c©1988
300 _a172 Pag
336 _atexto
_btxt
_2rdacontent
337 _2rdamedia
_asin mediación
_bn
338 _2rdacarrier
_avolumen
_bnc
563 _aRustico
653 _aGuerra Espiritual
942 _cBK
945 _aMiguel
999 _c35062
_d35062